Normal view MARC view

Entry Topical Term

Number of records used in: 1

001 - CONTROL NUMBER

  • control field: 264588

003 - CONTROL NUMBER IDENTIFIER

  • control field: OSt

005 - DATE AND TIME OF LATEST TRANSACTION

  • control field: 20260526120110.0

008 - FIXED-LENGTH DATA ELEMENTS

  • fixed length control field: 260526|| aca||aabn | a|a d

040 ## - CATALOGING SOURCE

  • Original cataloging agency: OSt
  • Transcribing agency: OSt

150 ## - HEADING--TOPICAL TERM

  • Topical term or geographic name entry element: ದಿವಾಸ್ವಪ್ನ

670 ## - SOURCE DATA FOUND

  • Source citation: Work cat.: (OSt)99458: GIHUBHAI BADHEKA. ಗಿಜುಭಾಯಿ ಬಧೇಕಾ 264587, Hagaluganasu., 1995